Statistics for Islands by Country #1

Click here to take the quiz!

General Stats

  • This quiz has been taken 83,807 times
    (67,624 since last reset)
  • The average score is 14 of 21

Answer Stats

Island Country % Correct
SicilyItaly
98%
GreenlandDenmark
95%
CreteGreece
91%
TasmaniaAustralia
90%
OkinawaJapan
87%
Isle of WightUnited Kingdom
84%
IbizaSpain
83%
CorsicaFrance
83%
GuamUnited States
82%
SumatraIndonesia
74%
MadeiraPortugal
69%
Galapagos IslandsEcuador
69%
Easter IslandChile
64%
Baffin IslandCanada
63%
HainanChina
62%
SpitsbergenNorway
60%
ArubaNetherlands
53%
LuzonPhilippines
47%
CozumelMexico
45%
Isla MargaritaVenezuela
26%
SalsetteIndia
13%

Score Distribution

Percentile by Number Answered

Percent of People with Each Score

Your Score History

You have not taken this quiz since the last reset